00853nam a2200301Ia 4500008004000000020001800040041000800058082001800066100001900084245005600103260004600159300001600205650000600221650000700227650001100234650000800245650000800253650001000261650000700271650000700278650001400285650001400299690001400313700002600327906001100353999001900364952016800383210210b2012 xxu||||| |||| 00| 0 eng d a9780198078555 aeng a330.0954 BASN aBASU (Kaushik) aNew Oxford companion to economics in India V II I-Z aNew DelhibOxford University Pressc2012 axv, 359-750 aV ato aOxford aNew aI-Z aIndia ain aII aeconomics acompanion aEconomics aMAERTENS (Annemie) Ed a067985 c152277d152277 001040738EconomicsaALbALcEconomicsd2021-02-17eBiblios, Bunts Hostel Road, Mangaloreg2215.00l0o330.0954 BASNp067985r2021-02-17 00:00:00w2021-02-17yBK